[Event "FSFMA May"]
[Site "Budapest HUN"]
[Date "2009.05.03"]
[Round "2"]
[White "Sipos,G"]
[Black "Probst,Alb"]
[Result "1-0"]
[WhiteElo "2126"]
[BlackElo "2104"]

1.e4 g6 2.d4 Bg7 3.Nc3 d6 4.f4 Nc6 5.d5 Nd4 6.Be3 e5 7.Nb1 c5 8.c3 exf4 9.Bxf4 Qe7
10.cxd4 Bxd4 11.Qc2 Qf6 12.Bc1 Bg4 13.Nc3 a6 14.g3 Ne7 15.Bg2 O-O 16.h3 Bd7
17.Nf3 Rfe8 18.Bg5 Qg7 19.Nxd4 cxd4 20.Ne2 Rac8 21.Qd2 d3 22.Nc3 Qd4 23.Qf2 Nf5
24.Qxd4 Nxd4 25.Kd2 Ne2 26.Nxe2 dxe2 27.Bf4 f5 28.Bxd6 fxe4 29.Rhc1 Bb5 30.Bf4 Rcd8
31.d6 g5 32.Bxg5 Rxd6+ 33.Ke3 Rd3+ 34.Kf2 Rf8+ 35.Bf4 Rd2 36.Ke1 Rxb2 37.Bxe4 Rd8
38.Rc7 Rd7 39.Bxb7 Rxa2 40.Rac1 Ba4 41.Rxd7 Bxd7 42.Bd5+  1-0

[Event "TOP 16 GpA"]
[Site "Mulhouse FRA"]
[Date "2009.05.03"]
[Round "7"]
[White "Lefevre,Ma"]
[Black "Skripchenko,A"]
[Result "0-1"]
[WhiteElo "2021"]
[BlackElo "2449"]

1.e4 g6 2.d4 Bg7 3.Nc3 d6 4.Be3 a6 5.f4 b5 6.a3 Bb7 7.Bd3 Nd7 8.Nf3 e6 9.O-O Ngf6
10.h3 Qe7 11.Qe1 Nb6 12.Nd2 Nfd7 13.Qf2 c5 14.Rfe1 cxd4 15.Bxd4 Bxd4 16.Qxd4 e5
17.Qf2 exf4 18.Qxf4 O-O 19.Rad1 Ne5 20.Bf1 Rac8 21.h4 Nbd7 22.Nb3 Rfe8 23.Nd4 Qf6
24.Qg3 Nb6 25.b3 Kh8 26.Re2  0-1

[Event "2nd Mayors Cup"]
[Site "Mumbai IND"]
[Date "2009.05.03"]
[Round "4"]
[White "Abhishek,K"]
[Black "Zinchenko,Ya"]
[Result "0-1"]
[WhiteElo "2178"]
[BlackElo "2531"]

1.e4 g6 2.d4 Bg7 3.Nc3 d6 4.Be3 a6 5.f3 b5 6.Qd2 Nd7 7.a4 b4 8.Nd5 c5 9.dxc5 dxc5
10.c3 e6 11.Bg5 f6 12.Bf4 exd5 13.Qxd5 Ra7 14.Rd1 bxc3 15.bxc3 Ne7 16.Qb3 Qb6
17.Qa2 Ne5 18.Bxe5 fxe5 19.Bc4 Rd7 20.Rb1 Qf6 21.Nh3 Bh6 22.Nf2 Bd2+ 23.Kf1 Bxc3
24.Rb8 Rd2 25.Qb3 Bd4 26.Ng4 Qh4 27.g3 Qh3+ 28.Ke1 Rb2 29.Bf7+ Kf8 30.Qe6 Qg2  0-1

[Event "Moscow Region Spring GM"]
[Site "Serpukhov RUS"]
[Date "2009.05.05"]
[Round "8"]
[White "Podolchenko,E"]
[Black "Belov,Ig1"]
[Result "1-0"]
[WhiteElo "2475"]
[BlackElo "2443"]

1.e4 g6 2.d4 d6 3.Nc3 Bg7 4.g3 Nf6 5.Bg2 O-O 6.h3 e5 7.Nge2 c6 8.a4 a5 9.Be3 Na6
10.O-O Nb4 11.Qd2 d5 12.exd5 Nfxd5 13.Nxd5 Nxd5 14.Bg5 Bf6 15.Bxf6 Nxf6 16.Rad1 e4
17.Nc3 h5 18.Rfe1 Re8 19.Nxe4 Nxe4 20.Rxe4 Rxe4 21.Bxe4 Bxh3 22.c4 Qf6 23.d5 Bg4
24.Re1 Bd7 25.Bg2 h4 26.d6 hxg3 27.fxg3 Be6 28.c5 Qf5 29.Qd4 Qg5 30.Kf2 Qf5+
31.Kg1 Qg5 32.Re4 Qc1+ 33.Kh2 Qh6+ 34.Rh4 Qg7 35.b4 g5 36.Qxg7+ Kxg7 37.Rd4 axb4
38.Rxb4 Ra7 39.Rd4 Ra8 40.a5 Bd7 41.Re4 Be6 42.Rd4 Bd7 43.Rb4 Bc8 44.Ra4 Bd7
45.g4 Re8 46.Rb4 Bc8 47.Re4 Kf8 48.Rxe8+ Kxe8 49.a6 bxa6 50.Bxc6+ Kd8 51.Kg3 f5
52.gxf5 Bxf5 53.Ba4 a5 54.c6 Kc8 55.Bb5 Kb8 56.Kf3 Ka7 57.d7  1-0

[Event "III Open"]
[Site "La Laguna ESP"]
[Date "2009.05.06"]
[Round "3"]
[White "Alvarado Diaz,A"]
[Black "Skutta,B"]
[Result "0-1"]
[WhiteElo "1787"]
[BlackElo "2130"]

1.e4 g6 2.d4 Bg7 3.Nc3 d6 4.f4 Nc6 5.Nf3 Bg4 6.Be3 e5 7.d5 Nd4 8.Bxd4 exd4
9.Bb5+ Kf8 10.Ne2 Bxf3 11.gxf3 Qh4+ 12.Kd2 Bh6 13.Kc1 Bxf4+ 14.Kb1 Be5 15.a4 Ne7
16.Ra3 a6 17.Bc4 c5 18.dxc6 Nxc6 19.f4 Bf6 20.Bd5 Kg7 21.Rf1 Rhe8 22.Raf3 Nb4
23.Nxd4 Nxd5 24.exd5 Re4 25.Nb3 Rae8 26.Nc1 Rxa4 27.c3 Rae4 28.Qb3 b5 29.Qa3 b4
30.cxb4 Rb8 31.Nd3 Qxh2 32.R1f2 Qg1+ 33.Rf1 Qd4 34.f5 g5 35.R1f2 Re3 36.Rxe3 Qxe3
37.Rc2 g4 38.Qxa6 Rb6 39.Qc4 h5 40.Rg2 Kh6 41.Ka2 Qd4 42.Qc1+ Bg5 43.Qc2 Qxd5+
44.Kb1 Rc6 45.Qe2 Rc4 46.Rf2 Qe4 47.Qxe4 Rxe4 48.b5 g3 49.Rg2 h4 50.b6 Re8
51.Nb4 Rh8 52.Nd5 Bd8  0-1

[Event "Copenhagen Chess Challenge"]
[Site "Ballerup DEN"]
[Date "2009.05.07"]
[Round "3"]
[White "Mikkelsen,N"]
[Black "Andreasen,P"]
[Result "1-0"]
[WhiteElo "2394"]
[BlackElo "2265"]

1.e4 g6 2.d4 Bg7 3.Nc3 d6 4.Be3 a6 5.Qd2 b5 6.a4 b4 7.Nd1 a5 8.c3 bxc3 9.bxc3 Nf6
10.f3 O-O 11.Bd3 Na6 12.Ne2 Rb8 13.Rc1 Qd7 14.Nb2 c5 15.Bb5 Qa7 16.O-O Nc7
17.dxc5 dxc5 18.Bc4 Be6 19.Bxe6 Nxe6 20.Nc4 Rfd8 21.Qc2 Qa6 22.Qa2 Rd3 23.Rcd1 Rbd8
24.Rxd3 Rxd3 25.Rb1 Nd7 26.Rb5 Bxc3 27.Qb1 Rxe3 28.Nxe3 Bd4 29.Nxd4 Nxd4
30.Rb2 e6 31.Qd1 Ne5 32.f4 Nd3 33.Qf1 c4 34.Rb8+ Kg7 35.f5 exf5 36.exf5 gxf5
37.Qa1 Qf6 38.Nxf5+ Qxf5 39.Qxd4+ f6 40.Qa7+ Kh6 41.Rg8 Qc5+ 42.Qxc5 Nxc5
43.Rc8 Nxa4 44.Rxc4 Nb2 45.Rc2 Nd3 46.Ra2 Kg6 47.Rxa5 Ne5 48.Kf2 Nf7 49.Ra3 Ne5
50.Rg3+ Kf7 51.Ke3 Nc4+ 52.Kf4 Ne5 53.Kf5 Ng6 54.Kg4 Ne7 55.Kh5  1-0

[Event "2nd Mayors Cup"]
[Site "Mumbai IND"]
[Date "2009.05.07"]
[Round "8"]
[White "Shiven,K"]
[Black "Murshed,N"]
[Result "1/2-1/2"]
[WhiteElo "2197"]
[BlackElo "2407"]

1.e4 g6 2.d4 Bg7 3.Nc3 d6 4.f4 Nf6 5.Nf3 O-O 6.Be2 c5 7.d5 a6 8.O-O b5 9.e5 Ne8
10.a4 b4 11.Ne4 Nc7 12.c4 bxc3 13.Nxc3 Nd7 14.exd6 exd6 15.a5 Nf6 16.Bc4 Rb8
17.Re1 Re8 18.h3 Bd7 19.Nd2 Bb5 20.Ba2 Rxe1+ 21.Qxe1 Qd7 22.Qd1 Re8 23.Nc4 Ne4
24.Bd2 Bd4+ 25.Kh2 Nxd2 26.Qxd2 Bxc4 27.Bxc4 Be3 28.Qd3 Bxf4+ 29.Kh1 Re3
30.Qf1 Be5 31.Nd1 Re4 32.Nf2 Rf4 33.Qe2 Bd4 34.Nd3 Rf5 35.Qe4 Rh5 36.Qf3 Qf5
37.Qxf5 Rxf5 38.Rb1 Kg7 39.b4 cxb4 40.Nxb4 Bc3 41.Nxa6 Nxa6 42.Bxa6 Rxd5
43.Bc4 Rc5 44.Bb3 Rxa5 45.Rd1 Be5 46.Kg1 Rb5 47.Rd3 f5 48.Kf2 Kf6 49.Kf3 Rb4
50.Bd5 g5 51.Rd2 h5 52.Kf2 Bd4+ 53.Ke2 Ke5 54.Bf7 h4 55.Kf3 g4+ 56.hxg4 fxg4+
57.Ke2 Rb7 58.Bh5 Rg7 59.Kd3 Rg5 60.Re2+ Kf4 61.Bf7 Bc5 62.Ra2 h3 63.gxh3 g3
64.Ra4+ Kf3 65.Rg4 Rxg4 66.Bd5+ Kf4 67.hxg4 Kxg4 68.Bg2 Kf4 69.Bh1 Ke5 70.Kc4 Ke6
71.Bd5+ Kd7 72.Bg2 Kc7 73.Kb5  1/2-1/2

[Event "FIDE Open"]
[Site "Ostrava CZE"]
[Date "2009.05.07"]
[Round "6"]
[White "Rojicek,V"]
[Black "Nedela,V"]
[Result "1-0"]
[WhiteElo "2373"]
[BlackElo "2336"]

1.e4 g6 2.d4 Bg7 3.Nc3 d6 4.Be3 c6 5.f4 Qb6 6.Qd2 Qxb2 7.Rb1 Qa3 8.Nf3 Qa5
9.Bd3 Nh6 10.h3 f5 11.e5 Nf7 12.O-O Qc7 13.Kh1 d5 14.Rf2 Be6 15.Nh4 Nh6 16.Ne2 Nd7
17.Rg1 Nb6 18.g4 Nc4 19.Qc1 Bf8 20.c3 Qd7 21.Ng3 Nxe3 22.Qxe3 fxg4 23.f5 gxf5
24.Ngxf5 Nxf5 25.Nxf5 gxh3 26.Qxh3 O-O-O 27.a4 h5 28.Rg6 Kb8 29.a5 Bf7 30.Rg1 e6
31.Nd6 Bxd6 32.Rg7 Rhf8 33.exd6 Qe8 34.Qf1 Bg8 35.Bg6 Rxf2 36.Qxf2 Qf8 37.Qxf8 Rxf8
38.Bxh5 Rd8 39.Kg1 b6 40.a6 c5 41.Kf2 c4 42.Bg6 e5 43.dxe5 Be6 44.Rb7+ Ka8
45.Re7 Bd7 46.Rxd7 Rxd7 47.Bf5 Rf7 48.d7 Rxf5+ 49.Ke3 Rf8 50.e6 d4+ 51.Kxd4 Rd8
52.Kxc4 Kb8 53.e7 Rxd7 54.e8=Q+ Kc7 55.Kb4 Kc6 56.c4 Kd6 57.Qb8+ Rc7 58.Qd8+ Rd7
59.Qe8 Rc7 60.Qg8 Kd7 61.Qf8 Kc6 62.Qe8+ Kd6 63.Kc3 Re7 64.Qd8+ Rd7 65.Qb8+ Kc6
66.Qe5 Rd8 67.Qe4+ Kd6 68.Qd5+ Ke7 69.Qb7+ Rd7 70.c5 bxc5 71.Kc4 Kd6 72.Qd5+ Kc7
73.Qxc5+ Kd8 74.Qf8+ Kc7 75.Kc5 Rd1 76.Qf4+ Kd8 77.Qb8+  1-0

[Event "Moscow Region Spring GM"]
[Site "Serpukhov RUS"]
[Date "2009.05.07"]
[Round "12"]
[White "Iljiushenok,I"]
[Black "Belov,Ig1"]
[Result "1-0"]
[WhiteElo "2413"]
[BlackElo "2443"]

1.e4 d6 2.d4 g6 3.Nc3 Bg7 4.Be3 Nf6 5.h3 O-O 6.f4 e5 7.Nf3 exd4 8.Nxd4 Re8
9.Bd3 Nxe4 10.Bxe4 d5 11.Qe2 dxe4 12.O-O-O Nd7 13.g4 c6 14.h4 Qe7 15.h5 Nf8
16.hxg6 fxg6 17.f5 gxf5 18.gxf5 c5 19.Rdg1 Kh8 20.Qg2 cxd4 21.Bxd4 Ne6 22.Qg6  1-0

[Event "TCh-ISR 2008-9"]
[Site "Israel ISR"]
[Date "2009.05.08"]
[Round "7"]
[White "Zilberman,Y"]
[Black "Finkel,A"]
[Result "0-1"]
[WhiteElo "2447"]
[BlackElo "2462"]

1.d4 g6 2.e4 Bg7 3.Nc3 d6 4.Nge2 Nc6 5.d5 Ne5 6.f4 Nd7 7.Be3 Ngf6 8.Qd2 c6
9.O-O-O cxd5 10.exd5 Nc5 11.Bd4 Bd7 12.Ng3 O-O 13.Be2 Rb8 14.Rhe1 b5 15.b4 Na4
16.Nxa4 bxa4 17.Bxa7 Rc8 18.Bd4 Qc7 19.c4 e6 20.Bxf6 Bxf6 21.Ne4 Bg7 22.dxe6 Bxe6
23.Nxd6 Rfd8 24.c5 Bf8 25.Kb1 Bf5+ 26.Bd3 Bxd6 27.Bxf5 Bxf4 28.Qc2 gxf5 29.Qxf5 Bh6
30.Rxd8+ Qxd8 31.b5 Rb8 32.b6 Qd2 33.Qe5 Qd3+  0-1

[Event "2nd Mayors Cup"]
[Site "Mumbai IND"]
[Date "2009.05.08"]
[Round "9"]
[White "Kamble,V"]
[Black "Rahman,Zia"]
[Result "1-0"]
[WhiteElo "2351"]
[BlackElo "2523"]

1.d4 d6 2.e4 g6 3.Nc3 Bg7 4.Be3 c6 5.a4 Nf6 6.h3 O-O 7.g3 Nbd7 8.Bg2 e5 9.Nge2 exd4
10.Bxd4 Qe7 11.O-O Nc5 12.Re1 Rd8 13.e5 Nfe4 14.Nxe4 Nxe4 15.Bxe4 dxe5 16.Bc5 Qc7
17.Qc1 Bxh3 18.Qe3 b6 19.Bb4 h5 20.a5 Rab8 21.Red1 Bg4 22.Rd3 Kh7 23.Bd2 Rxd3
24.cxd3 Rd8 25.axb6 axb6 26.Ra6 f5 27.Bg2 h4 28.f3 Bh5 29.gxh4 Qd7 30.Bc3 f4
31.Qe4 Qxd3 32.Qxd3 Rxd3 33.Rxb6 Bxf3 34.Bxf3 Rxf3 35.Rxc6 Kh6 36.b4 Re3
37.Kf2 Rh3 38.b5 Rh2+ 39.Kf1 Rh1+ 40.Ng1 e4 41.b6 Bxc3 42.Rxc3 Rh2 43.Rb3  1-0

[Event "Moscow Region Spring GM"]
[Site "Serpukhov RUS"]
[Date "2009.05.08"]
[Round "14"]
[White "Matsenko,S"]
[Black "Belov,Ig1"]
[Result "0-1"]
[WhiteElo "2435"]
[BlackElo "2443"]

1.e4 g6 2.d4 Bg7 3.Nc3 d6 4.f4 Nc6 5.Nf3 Bg4 6.Be3 Bxf3 7.gxf3 d5 8.exd5 Nb4
9.Bb5+ Kf8 10.Qe2 Nf6 11.O-O-O a6 12.Bc4 b5 13.Bb3 Nbxd5 14.Nxd5 Nxd5 15.f5 Nxe3
16.Qxe3 gxf5 17.Rhg1 Qd6 18.Kb1 Rd8 19.c3 Bh6 20.Qd3 Qf6 21.d5 Rg8 22.Rg3 Rg6
23.Qf1 Rb8 24.Rd4 a5 25.Qh3 b4 26.Rxg6 Qxg6 27.cxb4 Rxb4 28.Rxb4 Qg1+ 29.Kc2 Qc1+
30.Kd3 Qd2+ 31.Kc4 Qxb4+ 32.Kd3 Qd2+ 33.Kc4 Qb4+ 34.Kd3 Qd2+ 35.Kc4 e6 36.dxe6 fxe6
37.Kb5 Qd7+ 38.Kxa5 Bd2+ 39.Ka6 Qc8+ 40.Kb5 Qb7+ 41.Kc5 Be3+ 42.Kc4 Qd5+
43.Kb4 Bd2+  0-1

[Event "Copenhagen Chess Challenge"]
[Site "Ballerup DEN"]
[Date "2009.05.09"]
[Round "7"]
[White "Pedersen,NicV"]
[Black "Andreasen,P"]
[Result "1-0"]
[WhiteElo "2417"]
[BlackElo "2265"]

1.e4 g6 2.d4 Bg7 3.Nc3 d6 4.f4 a6 5.Nf3 b5 6.Bd3 Nd7 7.Be3 c5 8.dxc5 Nxc5
9.Bxc5 dxc5 10.e5 Nh6 11.a4 b4 12.Be4 Ra7 13.Qxd8+ Kxd8 14.O-O-O+ Rd7 15.Nd5 f5
16.Ng5 Ke8 17.Bf3 Ng4 18.Nb6 Rc7 19.Nxc8 Rxc8 20.Bb7 Rb8 21.Bc6+ Kf8 22.Rd7 Bh6
23.h4 Bxg5 24.hxg5 Rb6 25.Rc7  1-0

[Event "III Open"]
[Site "La Laguna ESP"]
[Date "2009.05.09"]
[Round "7"]
[White "Lestao Balseiro,A"]
[Black "Todorcevic,M"]
[Result "0-1"]
[WhiteElo "2197"]
[BlackElo "2452"]

1.e4 g6 2.d4 Bg7 3.Nc3 d6 4.Be3 Nd7 5.Qd2 c6 6.Bc4 d5 7.Be2 dxe4 8.Nxe4 Ngf6
9.Nxf6+ Nxf6 10.Nf3 Ne4 11.Qc1 O-O 12.O-O Bg4 13.c3 a5 14.Re1 a4 15.a3 Nd6
16.h3 Bxf3 17.Bxf3 e6 18.Re2 Qa5 19.Bf4 Nc4 20.Qc2 Qb5 21.Rae1 Rad8 22.g3 Rd7
23.Bg2 Rc8 24.h4 c5 25.dxc5 Rxc5 26.Rd1 e5 27.Bc1 h5 28.Rxd7 Qxd7 29.Re1 Rc7
30.Rd1 Qb5 31.Rd5 Qa6 32.Qd3 Kh7 33.Rd7 Qa5 34.Bxb7 e4 35.Qd1 Rxd7 36.Qxd7 Ne5
37.Qe8 Qc7 38.Bxe4 Qc4 39.Bg2 Qe2 40.Be3 Qe1+ 41.Bf1 Qd1 42.Bf4 Nf3+ 43.Kg2 Qd5
44.Qxa4 Nxh4+ 45.Kg1 Nf3+ 46.Kg2 h4 47.gxh4 Nxh4+ 48.Kg1 Nf3+ 49.Kg2 g5 50.Bg3 g4
51.Qb5 Ne1+ 52.Kg1 Qe4 53.Qe2 Nf3+ 54.Kh1 Qg6 55.Bh3 Qh5 56.Qf1 gxh3 57.Qd3+ f5
58.a4 Qg4 59.a5 Ne5 60.f3 Qxf3+  0-1

[Event "III Open"]
[Site "La Laguna ESP"]
[Date "2009.05.09"]
[Round "7"]
[White "Fernandez Garcia,JoseL1"]
[Black "Skutta,B"]
[Result "1-0"]
[WhiteElo "2457"]
[BlackElo "2130"]

1.e4 g6 2.d4 Bg7 3.Nc3 d6 4.f4 Nf6 5.Nf3 O-O 6.Bd3 Nc6 7.O-O e5 8.fxe5 dxe5
9.d5 Nb4 10.Bc4 Ne8 11.a3 Nd6 12.axb4 Nxc4 13.Qe1 c6 14.b3 Nb6 15.dxc6 bxc6
16.Be3 f6 17.Qf2 Be6 18.Ra5 f5 19.Rxa7 Rxa7 20.Bxb6 Rc7 21.Qc5 Qe7 22.Bxc7 Qxc7
23.Ng5 Qc8 24.Qd6 Re8 25.Nxe6 Rxe6 26.Qd3 Rf6 27.Qc4+ Kh8 28.Nd5 Rf8 29.Ne7 Qd7
30.Nxc6 Rc8 31.b5 f4 32.Qd5 Qc7 33.c4 Qb6+ 34.Kh1 Re8 35.Qd3 h5 36.b4 Ra8
37.c5 Qc7 38.Qd6 Qc8 39.Qxg6  1-0

[Event "Copenhagen Chess Challenge"]
[Site "Ballerup DEN"]
[Date "2009.05.10"]
[Round "9"]
[White "Nielsen,Le"]
[Black "Andreasen,P"]
[Result "0-1"]
[WhiteElo "1925"]
[BlackElo "2265"]

1.e4 g6 2.d4 Bg7 3.Nc3 d6 4.Be3 a6 5.Qd2 b5 6.h4 h5 7.O-O-O Bb7 8.f3 Nd7
9.Nh3 Rc8 10.Nf2 c5 11.g4 hxg4 12.Nxg4 Qc7 13.dxc5 Nxc5 14.Bd4 Ne6 15.Bxg7 Nxg7
16.Bg2 Rh5 17.e5 dxe5 18.Rhe1 b4 19.Ne4 Ne6 20.Ng5 Nd4 21.Nxe5 b3  0-1

[Event "ch-ESP Universities"]
[Site "La Pineda de Vila-Seca ESP"]
[Date "2009.05.14"]
[Round "9"]
[White "Rodriguez Guerrero,E"]
[Black "Jimenez Martinez,Jo"]
[Result "1-0"]
[WhiteElo "2468"]
[BlackElo "2219"]

1.e4 d6 2.d4 g6 3.Nc3 Bg7 4.Be3 a6 5.f4 Nd7 6.Nf3 b5 7.e5 e6 8.Bd3 Bb7 9.a4 b4
10.Ne4 Nb6 11.Bd2 Bxe4 12.Bxe4 d5 13.Bd3 Bf8 14.a5 Qc8 15.Qe2 Nd7 16.c4 bxc3
17.bxc3 c5 18.c4 Ne7 19.O-O Bh6 20.Rfc1 O-O 21.g3 dxc4 22.Rxc4 Rd8 23.Rac1 Bf8
24.dxc5 Nc6 25.Kg2 Ndb8 26.Be4 Ra7 27.Ra4 Rad7 28.Be3 h6 29.Rb1 Rb7 30.Rb6 Rc7
31.Qe1 Nd7 32.Rc4 Ndb8 33.h4 Kg7 34.h5 Be7 35.hxg6 fxg6 36.Bf2 Na7 37.Bb1 Bxc5
38.Rxc5 Rxc5 39.Rxb8 Qxb8 40.Bxc5 Rd7 41.Qe4 Qe8 42.Nh4  1-0

[Event "82nd ch-St Petersburg"]
[Site "St Petersburg RUS"]
[Date "2009.05.14"]
[Round "7"]
[White "Smirnov,Arte"]
[Black "Solovjov,S"]
[Result "1/2-1/2"]
[WhiteElo "2454"]
[BlackElo "2404"]

1.d4 g6 2.e4 Bg7 3.Nc3 d6 4.g3 Nf6 5.Bg2 O-O 6.Nge2 e5 7.O-O Nc6 8.Re1 exd4
9.Nxd4 Ng4 10.Nxc6 bxc6 11.h3 Ne5 12.Ne2 Rb8 13.Rb1 d5 14.exd5 cxd5 15.Bf4 Re8
16.Nd4 Rb6 17.Nf3 Nxf3+ 18.Qxf3 Rbe6 19.Rxe6 Bxe6 20.Qa3 g5 21.Be3 d4 22.Bd2 Bf5
23.Qc5 Re5 24.Qc6 Re2 25.Re1 Bd7 26.Rxe2 Bxc6 27.Bxc6 Qf6 28.Be4 Bf8 29.g4 c5
30.b3 Bd6 31.Bf5 h5 32.Re8+ Kg7 33.a4 hxg4 34.hxg4 Qh6 35.Rd8 Be5 36.Kg2 Qc6+
37.Kg1 Bh2+ 38.Kf1 Qf3 39.Re8 Bf4 40.Be1 c4 41.bxc4 Qh1+ 42.Ke2 Qc6 43.Rc8 Qxa4
44.Bd2 Bxd2 45.Kxd2 a5 46.c5 Qb4+ 47.Kd1 a4 48.c6 a3 49.Ra8 Qc4 50.Rxa3 Qf1+
51.Kd2 Qxf2+ 52.Kd1 Qf1+ 53.Kd2 Qg2+ 54.Kd1 Qxc6 55.Rd3 Qh1+  1/2-1/2

[Event "TCh-FIN"]
[Site "Finland FIN"]
[Date "2009.05.15"]
[Round "9"]
[White "Kokkila,T"]
[Black "Niemi,M"]
[Result "1/2-1/2"]
[WhiteElo "2332"]
[BlackElo "2214"]

1.e4 g6 2.d4 Bg7 3.Nc3 d6 4.Be3 a6 5.Qd2 Nd7 6.h4 h5 7.Nh3 Ngf6 8.f3 c5 9.dxc5 Nxc5
10.e5 Nfd7 11.exd6 exd6 12.O-O-O O-O 13.Ng5 Qa5 14.Bd4 Ne5 15.Kb1 Ne6 16.Nxe6 Bxe6
17.f4 Rfd8 18.Be2 Rac8 19.a3 Nc4 20.Bxc4 Rxc4 21.Bxg7 Kxg7 22.g3 d5 23.Ne2 Qc5
24.b4 Qc7 25.Nd4 Bg4 26.Rde1 a5 27.Kb2 Rc8 28.Re3 axb4 29.axb4 Qd7 30.Ra1 Bf5
31.c3 Be4 32.Nb3 b6 33.Ra3 Qc6 34.Nd4 Qd7 35.Re1 R8c7 36.Re3 Rc8 37.Re1 R8c7
38.Re3 Rc8  1/2-1/2

[Event "TCh-ISR 2008-9"]
[Site "Israel ISR"]
[Date "2009.05.15"]
[Round "9"]
[White "Ribshtein,N"]
[Black "Chernomordik,P"]
[Result "1-0"]
[WhiteElo "2349"]
[BlackElo "2302"]

1.e4 g6 2.d4 Bg7 3.Nc3 d6 4.Be3 a6 5.f4 b5 6.Bd3 Nd7 7.e5 Bb7 8.Nf3 Nh6 9.a4 b4
10.Ne4 Nf5 11.Bf2 c5 12.c3 bxc3 13.bxc3 c4 14.Bc2 Bd5 15.O-O O-O 16.h3 f6
17.g4 Nh6 18.exd6 exd6 19.Ng3 Qa5 20.Be1 f5 21.g5 Nf7 22.h4 h5 23.Bd2 Rfe8
24.Ne1 Bc6 25.Ng2 Re7 26.Rb1 Rae8 27.Rf2 Nb6 28.Rb4 Bxg2 29.Rxg2 Nd5 30.Rxc4 Nxf4
31.Rh2 Nd5 32.Nf1 Rc7 33.Rxc7 Qxc7 34.Qf3 Nb6 35.Bb3 d5 36.Ne3 Re4 37.a5 Nc4
38.Nxd5 Nxd2 39.Rxd2 Qxa5 40.Nf4 Qa3 41.Bxf7+ Kxf7 42.Rf2 Qc1+ 43.Kg2 Qe3
44.Qxe3 Rxe3 45.Nd5 Re4 46.Kg3 Bf8 47.Ra2 Bd6+ 48.Kf3 Ke6 49.Ne3 Rxh4 50.Rxa6 Rh3+
51.Ke2 Kd7 52.c4 Be7 53.Rxg6 f4 54.Nd5 f3+ 55.Kf2 Ba3 56.c5 Bb2 57.Rd6+ Kc8
58.Nf4 Rh4 59.Kxf3 Bc1 60.Ne6 Rh3+ 61.Kg2 Rc3 62.c6 Bxg5 63.Nxg5 Kc7 64.Rh6 Rc4
65.Nf3 h4 66.d5 Rc2+ 67.Kf1 Rc5 68.Rh7+ Kc8 69.Rh5 h3 70.Kf2 Rc2+ 71.Kg3 Rc3
72.Rf5  1-0

[Event "VI Moncada Open"]
[Site "Santiago de Cuba CUB"]
[Date "2009.05.19"]
[Round "4"]
[White "Garcia Carey,O"]
[Black "Comez Ledo,R"]
[Result "1/2-1/2"]
[WhiteElo "2349"]
[BlackElo "2398"]

1.d4 g6 2.e4 Bg7 3.Nc3 d6 4.h3 Nf6 5.Nf3 O-O 6.Be2 Nbd7 7.O-O e5 8.Re1 c6
9.a4 a5 10.dxe5 dxe5  1/2-1/2

[Event "TCh-UKR Teams"]
[Site "Alushta UKR"]
[Date "2009.05.21"]
[Round "1"]
[White "Meleshko,V"]
[Black "Zubarev,Al1"]
[Result "1/2-1/2"]
[WhiteElo "2155"]
[BlackElo "2566"]

1.e4 g6 2.d4 Bg7 3.Nc3 d6 4.Bg5 Nd7 5.Qd2 c5 6.Nf3 a6 7.O-O-O cxd4 8.Nxd4 Ngf6
9.Bh6 Bxh6 10.Qxh6 b5 11.f4 Qb6 12.Nd5 Nxd5 13.exd5 Nf6 14.Be2 Bb7 15.Bf3 Bxd5
16.Rhe1 Bxf3 17.Nxf3 d5 18.Ne5 Rf8 19.Qh3 Rd8 20.g4 h5 21.g5 Ne4 22.Nd7 Rxd7
23.Rxe4 e6 24.Re5 Kd8 25.f5 gxf5 26.Qxh5 Rg8 27.Kb1 Kc7 28.h4 Qd6 29.Qh7 Qf8
30.Qh5 Qg7 31.Qe2 Rh8 32.a4 Rxh4 33.axb5 axb5 34.g6 Re4 35.Rxe4 fxe4 36.Qxb5 fxg6
37.Qa5+ Kd6 38.Qa3+ Kc7 39.Qa5+ Kd6 40.Qa3+ Kc7 41.Qa5+  1/2-1/2

[Event "Doroshkevicha Mem"]
[Site "Belorechensk RUS"]
[Date "2009.05.23"]
[Round "1"]
[White "Zhukov,Vi1"]
[Black "Poliakov,Y"]
[Result "1/2-1/2"]
[WhiteElo "2191"]
[BlackElo "2233"]

1.e4 g6 2.d4 Bg7 3.Nc3 d6 4.f4 Nf6 5.Nf3 O-O 6.e5 dxe5 7.fxe5 Nd5 8.Bc4 Nb6
9.Bb3 Bg4 10.Ne4 Na6 11.c3 c5 12.O-O cxd4 13.cxd4 Nc7 14.Be3 Nbd5 15.Bf2 f6
16.Bg3 Kh8 17.Qd2 f5 18.Nc3 Bxf3 19.Rxf3 e6 20.Rc1 Rf7 21.Nxd5 Nxd5 22.Rff1 Rd7
23.Ba4 Rc7 24.Rxc7 Qxc7 25.Rc1 Qb6 26.Bb3 Rd8 27.Bh4 Re8 28.Bxd5 exd5 29.Bf2 h6
30.Rc5 Rd8 31.Qc3 Rd7 32.g3 Kh7 33.a3 Bf8 34.Rc8 Be7 35.Be3 Qe6 36.Ra8 Qb6
37.Rc8  1/2-1/2

[Event "Lina Grumette Memorial Day Classic"]
[Site "Los Angeles USA"]
[Date "2009.05.24"]
[Round "4"]
[White "Sevillano,E"]
[Black "Porter,Ry"]
[Result "1-0"]
[WhiteElo "2520"]
[BlackElo "2284"]

1.e4 g6 2.d4 Bg7 3.Nc3 d6 4.h3 a6 5.Nf3 b5 6.a3 Bb7 7.Bf4 Nd7 8.Be2 e5 9.dxe5 dxe5
10.Bg5 Ngf6 11.a4 b4 12.Nd5 h6 13.Bxf6 Nxf6 14.Nxb4 Nxe4 15.Qxd8+ Kxd8 16.O-O c6
17.a5 Kc7 18.Rfe1 Nc5 19.Nd2 e4 20.Nc4 Rad8 21.Rad1 f5 22.c3 Na4 23.Nc2 Nxb2
24.Nxb2 Bxc3 25.Nc4 Bxe1 26.Rxe1 Rd5 27.N2e3 Rc5 28.Ra1 Rd8 29.g3 g5 30.g4 f4
31.Nf5 Bc8 32.Nxh6 Rh8 33.Nf7 Rxh3 34.Nfd6 f3 35.Bf1 Rh4 36.Nxc8 Rxg4+ 37.Kh2 Rh4+
38.Kg3 Kxc8 39.Ne3 Kb7 40.Ra4 Ka7 41.Bc4 Rh1 42.Be6 Re5 43.Bf5 Rg1+ 44.Kh2 Rc1
45.Bxe4 Rcc5 46.Rd4 g4 47.Nxg4 Rh5+ 48.Kg3 Rxa5 49.Bxc6 Ra1 50.Rd7+ Kb6 51.Bxf3 Rf5
52.Ne3 Rf8 53.Rd6+ Kc7 54.Rh6 Ra2 55.Nd5+ Kb8 56.Nf6 Rf7 57.Bd5 Rg7+ 58.Kf3 Ra1
59.Rh8+ Ka7 60.Ne4 a5 61.Ra8+ Kb6 62.Rb8+ Ka7 63.Rb5 Rd7 64.Ke3 a4 65.Nc3 a3
66.f4 Rc1 67.Ra5+ Kb6 68.Rxa3 Rxc3+ 69.Rxc3 Rxd5 70.Ke4  1-0

[Event "18th CRO-Cup"]
[Site "Sibenik CRO"]
[Date "2009.05.24"]
[Round "5"]
[White "Leventic,I"]
[Black "Rukavina,J"]
[Result "0-1"]
[WhiteElo "2519"]
[BlackElo "2423"]

1.e4 d6 2.d4 g6 3.Nc3 Bg7 4.Be3 c6 5.a4 Nf6 6.h3 a5 7.Nf3 O-O 8.Be2 Na6 9.O-O Nb4
10.Nd2 d5 11.e5 Ne8 12.Ncb1 Bf5 13.Na3 c5 14.dxc5 Bxe5 15.c3 Nc6 16.Nf3 Bg7
17.Nb5 e5 18.Qd2 Qd7 19.Bd1 Rd8 20.Bb3 f6 21.Rad1 Be6 22.Rfe1 Kh8 23.Qe2 Rg8
24.Rd2 Qf7 25.Red1 Bf8 26.Nh2 Ng7 27.Qf3 e4 28.Qe2 Nf5 29.Bd4 Nfxd4 30.Nxd4 Nxd4
31.cxd4 f5 32.Rc2 Bd7 33.f3 Re8 34.fxe4 Rxe4 35.Qf2 Bh6 36.Re2 Rge8 37.Rde1 Qe7
38.Rxe4 dxe4 39.Nf3 Bf4 40.g3 Bb8 41.h4 h6 42.Nh2 g5 43.Nf3 gxh4 44.Ne5 Bxe5
45.dxe5 hxg3 46.Qxg3 Qxe5 47.Qh4 Qg7+ 48.Kf2 Qg5 49.Qxg5 hxg5 50.Rg1 e3+
51.Ke2 f4 52.Bd5 Re5 53.Bxb7 Rxc5 54.Kd3 Bxa4 55.Kd4 Rb5 56.Bd5 e2 57.Bf3 Bd1
58.Re1 Rxb2 59.Ke5 Kg7 60.Be4 Rb5+ 61.Kd4 Kf6 62.Bd3 Rb4+ 63.Kc3 f3  0-1

[Event "27th NAO OCF FIDE Open"]
[Site "Stillwater USA"]
[Date "2009.05.24"]
[Round "3"]
[White "Kudrin,S"]
[Black "Cohen,L"]
[Result "1-0"]
[WhiteElo "2563"]
[BlackElo "2039"]

1.e4 d6 2.d4 g6 3.Nc3 Bg7 4.Be3 c6 5.a4 Na6 6.h3 Nc7 7.g4 e6 8.Nge2 Bd7 9.Bg2 Ne7
10.Qd2 h6 11.Ng3 d5 12.O-O f5 13.e5 a5 14.Nce2 Qc8 15.b3 b6 16.c4 Qb7 17.Nc1 Kf7
18.Nd3 fxg4 19.hxg4 Raf8 20.Rab1 Kg8 21.c5 Na6 22.b4 bxc5 23.bxc5 Qc7 24.Rb6 Ra8
25.Rfb1 Nc8 26.Rb7 Qd8 27.Bf1 Ne7 28.Be2 Nc7 29.Kg2 Ne8 30.Nf4 g5 31.Nfh5 Ng6
32.Bd3 Nh4+ 33.Kh3 Bc8 34.Rb8 Ra7 35.Qe2 Qc7 36.f4 Kf7 37.fxg5 Bb7 38.g6+ Nxg6
39.Rf1+ Ke7 40.Rxe8+ Kxe8 41.Bxg6+ Kd8 42.Rf7 Qc8 43.Rxg7 Ba6 44.Qf2 Rxg7
45.Nxg7 Qd7 46.Qf6+  1-0

[Event "Doroshkevicha Mem"]
[Site "Belorechensk RUS"]
[Date "2009.05.25"]
[Round "3"]
[White "Glazkov,A"]
[Black "Gorkavij,V"]
[Result "0-1"]
[WhiteElo "2047"]
[BlackElo "2327"]

1.e4 d6 2.d4 g6 3.Nc3 Bg7 4.Be3 c6 5.Qd2 b5 6.Bd3 Qc7 7.Nf3 Nd7 8.O-O Ngf6
9.a4 b4 10.Ne2 a5 11.Ng3 Ng4 12.Bc4 e6 13.Bf4 Nb6 14.Be2 e5 15.dxe5 dxe5
16.Bg5 h6 17.h3 hxg5 18.hxg4 f6 19.Ne1 Bf8 20.Qe3 Be6 21.b3 Qh7 22.f3 Nd7
23.Nd3 Bd6 24.Rac1 Bb8 25.c4 bxc3 26.Rxc3 Ba7 27.Nc5 Nxc5 28.Rxc5 Bxb3 29.Qc3 Qe7
30.Rc1 Qxc5+ 31.Qxc5 Bxc5+ 32.Rxc5 Bxa4 33.Nf1 Kd7 34.Nd2 Rhb8 35.Nc4 Bb5
36.Kf2 a4 37.Na3 Bxe2 38.Kxe2 Rb3  0-1

[Event "Lina Grumette Memorial Day Classic"]
[Site "Los Angeles USA"]
[Date "2009.05.25"]
[Round "6"]
[White "Yanayt,E"]
[Black "Porter,Ry"]
[Result "0-1"]
[WhiteElo "2207"]
[BlackElo "2284"]

1.d4 g6 2.e4 Bg7 3.Nc3 d6 4.Be3 a6 5.g4 b5 6.g5 Bb7 7.Bg2 Nd7 8.Qd2 Nb6 9.b3 d5
10.e5 e6 11.Nce2 c5 12.dxc5 Bxe5 13.Bd4 Nd7 14.c6 Bxc6 15.Qc3 Qxg5 16.Nf3 Qxg2
17.Rg1 Bxd4 18.Nexd4 Qh3 19.Rg3 Qh6 20.Nxc6 Ngf6 21.Nfe5 Ne4 22.Qf3 Nxe5
23.Nxe5 f6 24.Ng4 Qd2+ 25.Kf1 Nxg3+ 26.hxg3 O-O 27.Re1 f5 28.Ne5 Qxc2 29.Qf4 Rac8
30.Kg2 Rc7 31.Nf3 Re8 32.Nd4 Qc3 33.Re3 Qc1 34.Qe5 Rce7 35.g4 Qc7 36.Qf6 Rf7
37.Qg5 Qe7 38.Rxe6 Qxg5 39.Rxe8+ Kg7 40.Ne6+ Kh6 41.Nxg5 Kxg5 42.Re6 Kxg4
43.Rxa6 Rd7 44.Rb6 d4 45.Kf1 d3 46.Ke1 Rd5 47.Kd2 Kf3 48.Rc6 Kxf2 49.b4 Kf3
50.Rc7 g5 51.Rxh7 g4  0-1

[Event "Doroshkevicha Mem"]
[Site "Belorechensk RUS"]
[Date "2009.05.27"]
[Round "5"]
[White "Zhukov,Vi1"]
[Black "Lomakina,G"]
[Result "1/2-1/2"]
[WhiteElo "2191"]
[BlackElo "2089"]

1.e4 g6 2.d4 Bg7 3.Nc3 d6 4.f4 Nf6 5.Nf3 O-O 6.e5 Ne8 7.Be3 c6 8.Bc4 Nc7
9.Bb3 b5 10.O-O Nd7 11.Bf2 Nb6 12.Ne4 Ncd5 13.g3 Bg4 14.Ned2 Kh8 15.Qe2 Qd7
16.Rfe1 Qf5 17.c3 Qh5 18.Bd1 f6 19.Qf1 Nc4 20.Nxc4 bxc4 21.exf6 Nxf6 22.Ng5 Bxd1
23.Raxd1 Ng4 24.h4 Bf6 25.Ne6 Nxf2 26.Kxf2 Rfb8 27.Rd2 Rb6 28.Qxc4 Rab8 29.b4 a5
30.a3 axb4 31.axb4 h6 32.Qe2 Qxe2+ 33.Rexe2 Kg8 34.Ra2 Kf7 35.Ra7 Ke8 36.Ke3 Kf7
37.Kd3 Rc8 38.Rc7 Ra8 39.Kc4 Rba6 40.Kd3 Rb6  1/2-1/2